| 000 | 01635cam a2200373 4500 | ||
|---|---|---|---|
| 003 | OSt | ||
| 005 | 20240530110424.0 | ||
| 008 | 130212s2010 ua aof f b 000 0 fre | ||
| 010 | _a 2012509372 | ||
| 020 | _z9782724706369 | ||
| 022 | _211102470 | ||
| 035 | _a(OCoLC)ocn824130771 | ||
| 040 |
_aEG-CaGPL _cEG-CaGPL |
||
| 041 | 1 |
_afre _aara |
|
| 042 |
_alccopycat _alcode |
||
| 082 | 0 | 4 |
_221 _a704.9481 _bCC/V M |
| 100 | 1 | _aVolait, Mercedes. | |
| 245 | 1 | 0 |
_aMaisons de France au Caire : _ble remploi de grands décors mamelouks et ottomans dans une architecture moderne = Buyūt Faransā fī al-Qāhirah : al-āthār al-mamlūkīyah wa-al-ʻuthmānīyah fī al-ʻimārah al-ḥadīthah / _ctextes Mercedes Volait ; photographies Blas Gimeno Ribelles. |
| 246 | 3 | 1 |
_6880-01 _aBuyūt Faransā fī al-Qāhirah : _bal-āthār al-mamlūkīyah wa-al-ʻuthmānīyah fī al-ʻimārah al-ḥadīthah |
| 260 |
_aLe Caire : _bInstitut français d'archéologie orientale, _c2012. |
||
| 300 |
_a297 pages : _billustrations (some color) ; _c16 x 23 cm. |
||
| 336 |
_atext _2rdacontent |
||
| 337 |
_aunmediated _2rdamedia |
||
| 338 |
_avolume _2rdacarrier |
||
| 500 | _aText in Arabic and French. | ||
| 504 | _aIncludes bibliographical references (p. 293-295). | ||
| 650 | 0 |
_aArchitecture _zEgypt _zCairo _vPictorial works. |
|
| 650 | 0 |
_aArchitecture, Ottoman _zEgypt _zCairo _xHistory _vPictorial works. |
|
| 651 | 0 |
_aCairo (Egypt) _xAntiquities _vPictorial works. |
|
| 700 | 1 | _aRibelles, Gimeno. | |
| 942 |
_2ddc _cBK |
||
| 999 |
_c60716 _d60716 |
||